Представление документа в формате RUSMARC

ПолеНазваниеЗначение
  Тип записи a
  Библиографический уровень c
001 Контрольный номер 4296bd3ce79c4465ae61abfe4d4fd28c
005 Дата корректировки 20251003164054.6
010 Индекс ISBN __
a ISBN 978-5-907509-12-2
9 Тираж 66 экз.
d Цена 500-00
100 Данные общей обработки __
a Данные общей обработки 20231101d2021 me y0rusy028902 ca
101 Язык документа 0_
a Язык текста rus
102 Страна публикации __
a Страна публикации RU
181 Поле кодированных данных: вид содержания _0
a Код вида содержания (ISBD) i
182 Поле кодированных данных: тип средства _0
a Код типа средства (ISBD) n
200 Заглавие и сведения об ответственности 1_
a Заглавие Т. 1
f Первые сведения об ответственности [автор предисловия В. В. Цысь]
203 Вид содержания и тип средства __
a Вид содержания Текст
c Тип средства непосредственный
210 Выходные данные 1_
d Дата издания 2021
215 Физическое описание __
a Объем 357 с.
c Иллюстрации/тип воспроизводства Библиография в конце статей и в подстрочных примечаниях
461 Уровень набора _0
1 2001
a Библиотечка журнала "Югра"
f Департамент культуры Ханты-Мансийского автономного округа - Югры, Бюджетное учреждение Ханты-Мансийского автономного округа - Югры "Государственная библиотека Югры"
e в 2 томах
g составители: Е. В. Танкова, М. С. Федорова
v Т. 1
1 2101
d 2021
a Томск
c Завгородний
1 001RU/ГПНТБ России/KNIGADB/К63.3(2Рос-6Хан)/Б 59-232644458
1 203
a Текст
c непосредственный
464 Аналитический уровень _0
1 2001
a Священник-хлебороб
f Тверитин И. Я.
1 700 1
a Тверитин
b И. Я.
g Иван Яковлевич
4 070
464 Аналитический уровень _0
1 2001
a Описание Березовского края
f Абрамов Н. Я.
1 700 1
a Абрамов
b Н. Я.
g Николай Алексеевич
4 070
464 Аналитический уровень _0
1 2001
a У вогулов
f Носилов К. Д.
1 700 1
a Носилов
b К. Д.
g Константин Дмитриевич
4 070
464 Аналитический уровень _0
1 2001
a Семейная хроника
f Ларионов Ф. Ф.
1 700 1
a Ларионов
b Ф. Ф.
g Федор Филиппович
4 070
464 Аналитический уровень _0
1 2001
a Нужды Тобольского севера и меры для их удовлетворения
f Дунин-Горкавич А. А.
1 700 1
a Дунин-Горкавич
b А. А.
g Александр Александрович
4 070
464 Аналитический уровень _0
1 2001
a В Кондо-Сосьвинском заповеднике 1940-1945
f Гарновский К. В.
1 700 1
a Гарновский
b К. В.
g Кронид Всеволодович
4 070
601 Наименование организации как предмет 02
2 Код системы nlr_sh
a Наименование организации как предмет Кондо-Сосьвинский заповедник
606 Тематические рубрики __
2 Код системы nlr_sh
a Основная рубрика История
606 Тематические рубрики __
2 Код системы nlr_sh
a Основная рубрика История России в целом
y Географическая подрубрика Ханты-Мансийский автономный округ - Югра
y Географическая подрубрика ХМАО-Югра
y Географическая подрубрика Кондинский район
y Географическая подрубрика Тобольская губерния
y Географическая подрубрика Березовский район
y Географическая подрубрика Березовский край
610 Ключевые слова 0_
a Ключевые слова краеведение
610 Ключевые слова 0_
a Ключевые слова редкие издания
610 Ключевые слова 0_
a Ключевые слова история края
610 Ключевые слова 0_
a Ключевые слова вогулы
610 Ключевые слова 0_
a Ключевые слова заповедники
610 Ключевые слова 0_
a Ключевые слова история Сибири
610 Ключевые слова 0_
a Ключевые слова сельское хозяйство
610 Ключевые слова 0_
a Ключевые слова земледелие
686 Индексы других классификаций __
2 Код системы rubbks
a Классификационный индекс К63.3(2Рос-6Хан)
702 Вторичная интеллектуальная ответственность _1
a Фамилия Цысь
b Имя В. В.
g Полное личное имя Валерий Валентинович
4 Код отношения 080
801 Источник записи _0
a Страна RU
b Организация Муниципальное бюджетное учреждение культуры "Централизованная библиотечная система" г. Сургут (Центральная городская библиотека им. А. С. Пушкина)
c Дата составления 20231102
g Правила каталогизации PSBO
801 Источник записи _1
a Страна RU
b Организация Муниципальное бюджетное учреждение культуры "Централизованная библиотечная система" г. Сургут (Центральная городская библиотека им. А. С. Пушкина)
c Дата составления 20231102
g Правила каталогизации PSBO
852 Данные о местонахождении __
i Авторский знак Б 59
j Шифр хранения К63.3(2Рос-6Хан)
900 Макрообъекты __
a Макрообъекты Библиотечка журнала Югра Т. 1, 2021
901 Тип документа __
t Тип документа n
w Контрольный № источника RU/ГПНТБ России/KNIGADB/К63.3(2Рос-6Хан)/Б 59-232644458
a Ответственный КиК/Котельникова
903 Характеристики (МАРС) __
c Наименование библиотеки (МАРС) Муниципальное бюджетное учреждение культуры "Централизованная библиотечная система" г. Сургут (Центральная городская библиотека им. А. С. Пушкина)
a Дата передачи 20231102
990 Данные о заказе (DOS) __
j Количество экземпляров (DOS) 2
t N записи в КСУ для И/У (DOS) 202311